[Event "16PCR_ZK02"]
[Site "?"]
[Date "2005.??.??"]
[Round "?"]
[White "Stika, Vaclav"]
[Black "Pensimus, Petr"]
[Result "1-0"]
[WhiteElo "1991"]
[BlackElo "1814"]
[PlyCount "81"]
[EventDate "2005.??.??"]
[EventType "corr"]
[EventRounds "2"]
[SourceDate "2005.02.23"]

1. e4 e5 2. Nf3 Nf6 3. Nxe5 d6 4. Nf3 Nxe4 5. d4 d5 6. Bd3 Be7 7. O-O Nc6 8. c4
Nb4 9. cxd5 Nxd3 10. Qxd3 Qxd5 11. Re1 Bf5 12. Ne5 f6 13. Nc4 Bg6 14. f3 Ng5
15. Nc3 Bxd3 16. Nxd5 Bxc4 17. Nxe7 Ne6 18. b3 Kxe7 19. bxc4 Kd7 20. Be3 c6 21.
Kf2 a6 22. d5 cxd5 23. cxd5 Nc7 24. Rab1 Nb5 25. a4 Nc7 26. Rb6 Rhe8 27. Rd1
Red8 28. Bf4 Ra7 29. Rc1 Rc8 30. Re1 Rd8 31. a5 g5 32. Bg3 Rf8 33. Bxc7 Kxc7
34. Re7+ Kc8 35. Rxh7 f5 36. Ke3 Rg8 37. f4 gxf4+ 38. Kxf4 Rxg2 39. Re6 Rg8 40.
d6 Rd8 41. h4 1-0

[Event "16PCR_ZK02"]
[Site "?"]
[Date "2005.??.??"]
[Round "?"]
[White "Stika, Vaclav"]
[Black "Tyrlik, Jaroslav"]
[Result "0-1"]
[WhiteElo "1991"]
[BlackElo "1965"]
[PlyCount "134"]
[EventDate "2005.??.??"]
[EventType "corr"]
[EventRounds "2"]
[SourceDate "2005.02.23"]

1. e4 e6 2. d4 d5 3. Nd2 c5 4. exd5 Qxd5 5. Ngf3 cxd4 6. Bc4 Qd6 7. O-O Nf6 8.
Nb3 Nc6 9. Nbxd4 a6 10. Nxc6 Qxc6 11. Ne5 Qc7 12. Bf4 Bd6 13. Qd4 O-O 14. Rad1
Rd8 15. Nf3 Ne8 16. Bxd6 Nxd6 17. Qf4 b5 18. Bd3 Bb7 19. Rfe1 Bd5 20. a3 Rac8
21. b3 Qa5 22. Ra1 Qc3 23. Rad1 Qc5 24. a4 bxa4 25. bxa4 Bc4 26. Bxc4 Nxc4 27.
Ng5 Rxd1 28. Rxd1 Qe7 29. Rb1 Nd6 30. Ne4 Nxe4 31. Qxe4 Qc5 32. Qd3 Qa5 33. Qd7
Qc3 34. Qd3 Qc6 35. a5 g6 36. g3 Qxc2 37. Qxc2 Rxc2 38. Rb6 Ra2 39. Rxa6 Kg7
40. Kg2 h5 41. Kf3 Kf6 42. Ra8 Kf5 43. h4 Ra3+ 44. Ke2 e5 45. Ra6 f6 46. f3 g5
47. hxg5 fxg5 48. Ra8 g4 49. Rf8+ Kg6 50. f4 Rxg3 51. fxe5 Ra3 52. Rg8+ Kf5 53.
Rh8 Kg5 54. Rg8+ Kh4 55. Ra8 Ra4 56. Kd3 g3 57. e6 Rg4 58. e7 g2 59. e8=Q g1=Q
60. Qd8+ Kh3 61. Qc8 Qd4+ 62. Kc2 Kh2 63. Qc7+ Kh1 64. Qc6+ Rg2+ 65. Kb3 Kh2
66. Qc7+ Rg3+ 67. Kc2 Qe4+ 0-1

[Event "16PCR_ZK02"]
[Site "?"]
[Date "2005.??.??"]
[Round "?"]
[White "Stika, Vaclav"]
[Black "Urban, Milos"]
[Result "1-0"]
[WhiteElo "1991"]
[BlackElo "1600"]
[PlyCount "47"]
[EventDate "2005.??.??"]
[EventType "corr"]
[EventRounds "2"]
[SourceDate "2005.02.23"]

1. e4 e5 2. Nf3 Nf6 3. Nxe5 d6 4. Nf3 Nxe4 5. d4 d5 6. Bd3 Nc6 7. O-O Be7 8. c4
Nb4 9. cxd5 Nxd3 10. Qxd3 Qxd5 11. Re1 Bf5 12. Nc3 Nxc3 13. Qxc3 Qd6 14. d5 O-O
15. Qe5 Qxe5 16. Rxe5 Bd6 17. Rxf5 Rfe8 18. Be3 f6 19. Rc1 Kf7 20. Rh5 h6 21.
Rh4 Re7 22. Nd4 Be5 23. Nf5 Rd7 24. Rb4 1-0

[Event "16PCR_ZK02"]
[Site "?"]
[Date "2005.??.??"]
[Round "?"]
[White "Tyrlik, Jaroslav"]
[Black "Chlubna, Josef"]
[Result "1-0"]
[WhiteElo "1965"]
[BlackElo "1647"]
[PlyCount "51"]
[EventDate "2005.??.??"]
[EventType "corr"]
[EventRounds "2"]
[SourceDate "2005.02.23"]

1. d4 d5 2. Nc3 e6 3. e4 Bb4 4. e5 Qd7 5. Nf3 a6 6. Bd3 Bxc3+ 7. bxc3 h6 8. c4
dxc4 9. Bxc4 b5 10. Bd3 Bb7 11. O-O Ne7 12. c3 Bd5 13. a4 bxa4 14. Ba3 Qc6 15.
c4 Bxf3 16. gxf3 Nd7 17. Be4 Nd5 18. Rc1 Qb7 19. Qxa4 c6 20. cxd5 cxd5 21. Bd3
f6 22. Rb1 Qc8 23. Bg6+ Kd8 24. Rfc1 Nb6 25. Be7+ Kxe7 26. Qb4+ 1-0

[Event "16PCR_ZK02"]
[Site "?"]
[Date "2005.??.??"]
[Round "?"]
[White "Tyrlik, Jaroslav"]
[Black "Kratochvil, Jan"]
[Result "1-0"]
[WhiteElo "1965"]
[BlackElo "1818"]
[PlyCount "101"]
[EventDate "2005.??.??"]
[EventType "corr"]
[EventRounds "2"]
[SourceDate "2005.02.23"]

1. d4 Nf6 2. Nc3 d5 3. Bg5 Nbd7 4. Nf3 h6 5. Bh4 e6 6. e4 g5 7. Bg3 Bb4 8. exd5
Nxd5 9. Qd3 c5 10. Nd2 Bxc3 11. bxc3 Qa5 12. h4 gxh4 13. Rxh4 Qxc3 14. Qxc3
Nxc3 15. dxc5 f6 16. Rc4 Nd5 17. Ne4 Ke7 18. Rd1 Ne5 19. Rcd4 Rg8 20. a3 Nc6
21. R4d3 Na5 22. Nd6 Kf8 23. Rf3 Rg6 24. Bd3 f5 25. Bxf5 exf5 26. Rxd5 Be6 27.
Rd4 Nc6 28. Rd2 h5 29. Nxb7 h4 30. Bxh4 Rxg2 31. Nd6 Ne5 32. Rc3 Rb8 33. Re2
Rb1+ 34. Kd2 Rgg1 35. Rce3 Nc4+ 36. Nxc4 Bxc4 37. Re8+ Kg7 38. R2e7+ Bf7 39.
Bg3 Rbd1+ 40. Kc3 Rd5 41. Bd6 Rxc5+ 42. Bxc5 Rg4 43. Rc8 Rc4+ 44. Kd3 Rh4 45.
Rcc7 Rh3+ 46. Kd2 a5 47. Rxf7+ Kg6 48. Rg7+ Kf6 49. Bd4+ Ke6 50. Rge7+ Kd6 51.
Rcd7+ 1-0

[Event "16PCR_ZK02"]
[Site "?"]
[Date "2005.??.??"]
[Round "?"]
[White "Tyrlik, Jaroslav"]
[Black "Novak, Vaclav"]
[Result "1-0"]
[WhiteElo "1965"]
[BlackElo "1976"]
[PlyCount "77"]
[EventDate "2005.??.??"]
[EventType "corr"]
[EventRounds "2"]
[SourceDate "2005.02.23"]

1. d4 Nf6 2. c3 d5 3. Bg5 Ne4 4. Bf4 e6 5. Nd2 Bd6 6. Bxd6 Qxd6 7. Nxe4 dxe4 8.
e3 e5 9. f3 Qh6 10. Kf2 exf3 11. Nxf3 e4 12. Ne5 Qf6+ 13. Kg1 Qg5 14. Qe1 Nd7
15. h4 Qe7 16. Nxd7 Qxd7 17. Qg3 O-O 18. h5 Qc6 19. h6 g6 20. Rh4 f5 21. Rf4
Be6 22. c4 Qb6 23. Rd1 Rad8 24. Qg5 Rd7 25. b3 c6 26. g4 Qb4 27. gxf5 Bxf5 28.
c5 b5 29. cxb6 axb6 30. Bc4+ Kh8 31. Rxe4 Qd6 32. Rf1 b5 33. Be6 Re7 34. Rxf5
gxf5 35. Re5 Qc7 36. Rxf5 Ree8 37. Rxf8+ Rxf8 38. a4 bxa4 39. bxa4 1-0

[Event "16PCR_ZK02"]
[Site "?"]
[Date "2005.??.??"]
[Round "?"]
[White "Tyrlik, Jaroslav"]
[Black "Nudcenko, Karel"]
[Result "1/2-1/2"]
[WhiteElo "1965"]
[BlackElo "2200"]
[PlyCount "80"]
[EventDate "2005.??.??"]
[EventType "corr"]
[EventRounds "2"]
[SourceDate "2005.02.23"]

1. d4 d5 2. Nc3 Nf6 3. Bg5 Nbd7 4. Nf3 e6 5. e4 h6 6. Bh4 g5 7. Bg3 Nxe4 8.
Nxe4 dxe4 9. Nd2 Bg7 10. h4 Bxd4 11. c3 Be5 12. Bxe5 Nxe5 13. hxg5 e3 14. Ne4
Qxd1+ 15. Rxd1 exf2+ 16. Kxf2 Ke7 17. Be2 Bd7 18. gxh6 Bc6 19. Nc5 Rag8 20. Rh2
f5 21. h7 Rg7 22. Rdh1 Bd5 23. b3 Kd6 24. Nd3 Nf7 25. Nf4 Ng5 26. Nxd5 Kxd5 27.
Bf3+ Ke5 28. Re1+ Kf6 29. Rh6+ Rg6 30. Rxg6+ Kxg6 31. Bxb7 Rxh7 32. Bc6 Kf6 33.
Rd1 e5 34. Rd8 Ne6 35. Re8 Rh2 36. Bd5 Nf4 37. Rf8+ Kg7 38. Rg8+ Kf6 39. Rf8+
Kg7 40. Rg8+ Kf6 1/2-1/2

[Event "16PCR_ZK02"]
[Site "?"]
[Date "2005.??.??"]
[Round "?"]
[White "Tyrlik, Jaroslav"]
[Black "Pensimus, Petr"]
[Result "1-0"]
[WhiteElo "1965"]
[BlackElo "1814"]
[PlyCount "63"]
[EventDate "2005.??.??"]
[EventType "corr"]
[EventRounds "2"]
[SourceDate "2005.02.23"]

1. d4 Nf6 2. Nc3 d5 3. Bg5 c6 4. Qd3 Qa5 5. f3 Ne4 6. fxe4 dxe4 7. Qg3 Nd7 8.
O-O-O h6 9. Bf4 Nf6 10. Bc7 Qg5+ 11. Qxg5 hxg5 12. d5 Bd7 13. Nh3 cxd5 14. Nxd5
Nxd5 15. Rxd5 f6 16. e3 e6 17. Rd1 Bc5 18. Re1 Rc8 19. Ba5 Ba4 20. Bc3 Kf7 21.
Nf2 f5 22. b3 Bc6 23. Be5 Ba3+ 24. Kb1 Rhd8 25. Bd4 Bb4 26. Rd1 a6 27. Be2 Be7
28. h3 b5 29. Bb6 Rxd1+ 30. Rxd1 Bd5 31. Bd4 Rxc2 32. Kxc2 1-0

[Event "16PCR_ZK02"]
[Site "?"]
[Date "2005.??.??"]
[Round "?"]
[White "Tyrlik, Jaroslav"]
[Black "Stika, Vaclav"]
[Result "1/2-1/2"]
[WhiteElo "1965"]
[BlackElo "1991"]
[PlyCount "116"]
[EventDate "2005.??.??"]
[EventType "corr"]
[EventRounds "2"]
[SourceDate "2005.02.23"]

1. d4 d5 2. Nc3 Nf6 3. Bg5 Nbd7 4. Nf3 e6 5. e4 h6 6. Bh4 g5 7. Bg3 Nxe4 8.
Nxe4 dxe4 9. Nd2 Bg7 10. h4 Bxd4 11. c3 Be5 12. Bxe5 Nxe5 13. hxg5 e3 14. Ne4
exf2+ 15. Kxf2 Qxd1 16. Rxd1 Ke7 17. Be2 b6 18. gxh6 Bb7 19. Nd2 Rh7 20. Rh4
Rah8 21. Rdh1 f5 22. Bf3 Bxf3 23. gxf3 Nf7 24. Ra4 a5 25. Rc4 Kd7 26. Rd4+ Kc8
27. Rdh4 Rxh6 28. Rxh6 Rxh6 29. Rxh6 Nxh6 30. Nc4 Nf7 31. a4 f4 32. Ke2 Kd7 33.
Kd3 Ng5 34. b4 axb4 35. cxb4 Kc6 36. Ne5+ Kd5 37. a5 bxa5 38. bxa5 Kc5 39. Ke2
Kb5 40. Ng6 Kxa5 41. Nxf4 Kb4 42. Ng6 Nf7 43. Nf4 Nd8 44. Nd3+ Kb5 45. Ne5 c5
46. Ke3 Nc6 47. Nd3 Nd4 48. Ke4 Ne2 49. Ke3 Nc3 50. Kf4 c4 51. Nc1 Kc5 52. Ke5
Nb5 53. Ne2 Nc7 54. Nc3 Kb4 55. Ne2 Kc5 56. Nc3 Nb5 57. Ne2 Kb4 58. Kxe6 c3
1/2-1/2

[Event "16PCR_ZK02"]
[Site "?"]
[Date "2005.??.??"]
[Round "?"]
[White "Tyrlik, Jaroslav"]
[Black "Urban, Milos"]
[Result "1-0"]
[WhiteElo "1965"]
[BlackElo "1600"]
[PlyCount "37"]
[EventDate "2005.??.??"]
[EventType "corr"]
[EventRounds "2"]
[SourceDate "2005.02.23"]

1. d4 d5 2. Nc3 Nf6 3. Bg5 e6 4. e4 dxe4 5. Nxe4 Be7 6. Bxf6 Bxf6 7. Nf3 Nd7 8.
c3 b6 9. Bb5 Bb7 10. Nxf6+ gxf6 11. Qe2 a6 12. Bd3 c5 13. O-O-O cxd4 14. Nxd4
Ne5 15. Be4 Bxe4 16. Qxe4 Qc8 17. f4 Ng4 18. Nf5 O-O 19. Ne7+ 1-0

[Event "16PCR_ZK02"]
[Site "?"]
[Date "2005.??.??"]
[Round "?"]
[White "Urban, Milos"]
[Black "Kratochvil, Jan"]
[Result "0-1"]
[WhiteElo "1600"]
[BlackElo "1818"]
[PlyCount "66"]
[EventDate "2005.??.??"]
[EventType "corr"]
[EventRounds "2"]
[SourceDate "2005.02.23"]

1. e4 e5 2. Nf3 Nc6 3. Bb5 a6 4. Bxc6 dxc6 5. O-O f6 6. d4 Bg4 7. c3 Bd6 8.
Nbd2 Nh6 9. h3 Be6 10. Nb3 Nf7 11. Na5 Qc8 12. Nh2 O-O 13. dxe5 Nxe5 14. Be3
Nc4 15. Nxc4 Bxc4 16. Re1 Re8 17. b3 Bf7 18. f3 f5 19. exf5 Qxf5 20. Bf2 Rxe1+
21. Qxe1 Re8 22. Qd2 Bf4 23. Qb2 Qd3 24. Re1 Be5 25. Qc1 Qxc3 26. Qxc3 Bxc3 27.
Rxe8+ Bxe8 28. Bg3 Bg6 29. Bxc7 Bb1 30. a3 Bc2 31. b4 Bb2 32. Bf4 Bxa3 33. Bd2
c5 0-1

[Event "16PCR_ZK02"]
[Site "?"]
[Date "2005.??.??"]
[Round "?"]
[White "Urban, Milos"]
[Black "Novak, Vaclav"]
[Result "0-1"]
[WhiteElo "1600"]
[BlackElo "1976"]
[PlyCount "44"]
[EventDate "2005.??.??"]
[EventType "corr"]
[EventRounds "2"]
[SourceDate "2005.02.23"]

1. e4 e5 2. Nf3 Nc6 3. Bb5 a6 4. Bxc6 dxc6 5. O-O Bg4 6. h3 h5 7. d3 Qf6 8.
Nbd2 Ne7 9. Re1 Ng6 10. d4 Bd6 11. hxg4 hxg4 12. Nh2 Rxh2 13. Qxg4 Rh4 14. Qf5
exd4 15. Nf3 Rh7 16. Qxf6 gxf6 17. Nxd4 O-O-O 18. Nf5 Bh2+ 19. Kf1 Be5 20. g3
a5 21. c3 a4 22. a3 Bd6 0-1

[Event "16PCR_ZK02"]
[Site "?"]
[Date "2005.??.??"]
[Round "?"]
[White "Urban, Milos"]
[Black "Nudcenko, Karel"]
[Result "0-1"]
[WhiteElo "1600"]
[BlackElo "2200"]
[PlyCount "34"]
[EventDate "2005.??.??"]
[EventType "corr"]
[EventRounds "2"]
[SourceDate "2005.02.23"]

1. e4 e6 2. d4 d5 3. Nc3 Bb4 4. e5 c5 5. a3 Ba5 6. b4 cxd4 7. Qg4 Ne7 8. Nb5
Bc7 9. Qxg7 Rg8 10. Qxh7 a6 11. Nxc7+ Qxc7 12. Ne2 Qxe5 13. Bb2 Nbc6 14. O-O-O
Qf6 15. Nxd4 Nxd4 16. Bxd4 e5 17. Bc5 Bf5 0-1

[Event "16PCR_ZK02"]
[Site "?"]
[Date "2005.??.??"]
[Round "?"]
[White "Urban, Milos"]
[Black "Stika, Vaclav"]
[Result "0-1"]
[WhiteElo "1600"]
[BlackElo "1991"]
[PlyCount "48"]
[EventDate "2005.??.??"]
[EventType "corr"]
[EventRounds "2"]
[SourceDate "2005.02.23"]

1. e4 e5 2. Nf3 Nc6 3. Bb5 a6 4. Bxc6 dxc6 5. O-O Qd6 6. d3 Ne7 7. Be3 Ng6 8.
Nbd2 Be7 9. Nc4 Qe6 10. Ng5 Qf6 11. Qh5 b5 12. Na5 c5 13. g3 c4 14. dxc4 Bb4
15. Nb3 bxc4 16. Bd2 a5 17. c3 Be7 18. Nc1 Rb8 19. b3 a4 20. b4 c5 21. a3 h6
22. Nh3 Qe6 23. Kg2 Nh4+ 24. gxh4 Qxh3+ 0-1

[Event "16PCR_ZK02"]
[Site "?"]
[Date "2005.??.??"]
[Round "?"]
[White "Urban, Milos"]
[Black "Tyrlik, Jaroslav"]
[Result "0-1"]
[WhiteElo "1600"]
[BlackElo "1965"]
[PlyCount "72"]
[EventDate "2005.??.??"]
[EventType "corr"]
[EventRounds "2"]
[SourceDate "2005.02.23"]

1. e4 e6 2. d4 d5 3. Nc3 Bb4 4. e5 Ne7 5. a3 Bxc3+ 6. bxc3 c5 7. Nf3 Qa5 8. Bd2
Nbc6 9. Be2 Qa4 10. Be3 Nf5 11. O-O b6 12. Bd3 Ba6 13. Bxa6 Qxa6 14. a4 cxd4
15. cxd4 O-O 16. c3 Rfc8 17. Bd2 Na5 18. Re1 Qc4 19. Ra3 Qd3 20. Bc1 Qxd1 21.
Rxd1 Rc6 22. Nd2 Rac8 23. Nb1 h5 24. Rd3 f6 25. exf6 gxf6 26. Rh3 Nxd4 27. Bd2
Nc4 28. Ra2 Nb3 29. Be1 Rc5 30. Rxh5 Ra5 31. Rh3 b5 32. Rf3 Rxa4 33. Rxa4 bxa4
34. Rxf6 Nc5 35. f3 Rb8 36. Nd2 a3 0-1

[Event "16PCR_ZK02"]
[Site "?"]
[Date "2005.??.??"]
[Round "?"]
[White "Chlubna, Josef"]
[Black "Urban, Milos"]
[Result "1-0"]
[WhiteElo "1647"]
[BlackElo "1600"]
[PlyCount "47"]
[EventDate "2005.??.??"]
[EventType "corr"]
[EventRounds "2"]
[SourceDate "2005.02.23"]

1. e4 c5 2. Nf3 Nc6 3. d4 cxd4 4. Nxd4 Nf6 5. Nc3 e5 6. Ndb5 d6 7. Bg5 a6 8.
Na3 b5 9. Nd5 Be7 10. Nxf6+ Bxf6 11. Bxf6 Qxf6 12. c3 O-O 13. Be2 Qg6 14. Bf3
Ne7 15. h3 Bb7 16. Nc2 Bxe4 17. O-O Bxf3 18. Qxf3 Qxc2 19. b3 d5 20. Rac1 Qf5
21. Qe2 Ng6 22. Rcd1 Nf4 23. Qf3 e4 24. Qg4 1-0

[Event "16PCR_ZK02"]
[Site "?"]
[Date "2005.??.??"]
[Round "?"]
[White "Nudcenko, Karel"]
[Black "Stika, Vaclav"]
[Result "0-1"]
[WhiteElo "2200"]
[BlackElo "1991"]
[PlyCount "98"]
[EventDate "2005.??.??"]
[EventType "corr"]
[EventRounds "2"]
[SourceDate "2005.02.23"]

1. e4 e5 2. Nf3 Nc6 3. Bb5 a6 4. Bxc6 dxc6 5. O-O Qd6 6. Na3 Be6 7. Qe2 b5 8.
c3 c5 9. Nc2 Bc4 10. Qd1 Bxf1 11. Qxf1 c4 12. b3 Qd3 13. Qxd3 cxd3 14. Nce1 Bd6
15. a4 Rd8 16. h3 Nf6 17. Nxd3 Nxe4 18. Nfxe5 f6 19. Nc6 Ra8 20. Nd4 Kd7 21.
Nf5 g6 22. Nxd6 cxd6 23. b4 g5 24. f3 Ng3 25. Kf2 Nf5 26. Ne1 h5 27. Nc2 h4 28.
d3 Rhe8 29. f4 Rac8 30. Bd2 gxf4 31. axb5 axb5 32. Ra7+ Rc7 33. Rxc7+ Kxc7 34.
Kf3 Rg8 35. Bxf4 Kc6 36. Na1 Ra8 37. Nb3 Ra3 38. Na5+ Kd7 39. Kg4 Ng7 40. Bd2
Ra2 41. Be1 Rxg2+ 42. Kf3 Rh2 43. Bxh4 Rxh3+ 44. Kg4 Rxd3 45. Bxf6 Ne6 46. Nb3
Rd1 47. Kg3 Nc7 48. Kf2 Nd5 49. Bd4 Nxc3 0-1

[Event "16PCR_ZK02"]
[Site "?"]
[Date "2005.??.??"]
[Round "?"]
[White "Urban, Milos"]
[Black "Chlubna, Josef"]
[Result "0-1"]
[WhiteElo "1600"]
[BlackElo "1647"]
[PlyCount "44"]
[EventDate "2005.??.??"]
[EventType "corr"]
[EventRounds "2"]
[SourceDate "2005.02.23"]

1. e4 e5 2. Nf3 Nc6 3. Bb5 a6 4. Bxc6 dxc6 5. O-O Bg4 6. h3 Bxf3 7. Qxf3 b5 8.
d3 c5 9. Nc3 c6 10. Be3 h6 11. b3 Nf6 12. Rad1 Qa5 13. Bd2 Qc7 14. Ne2 b4 15.
Ng3 Be7 16. Nf5 a5 17. Nxg7+ Kd8 18. Nf5 Ng8 19. Qh5 Bf6 20. Nxh6 Bg7 21. Nxf7+
Kc8 22. Qg4+ Kb7 0-1

[Event "16PCR_ZK02"]
[Site "?"]
[Date "2005.??.??"]
[Round "?"]
[White "Stika, Vaclav"]
[Black "Nudcenko, Karel"]
[Result "1/2-1/2"]
[WhiteElo "1991"]
[BlackElo "2200"]
[PlyCount "100"]
[EventDate "2005.??.??"]
[EventType "corr"]
[EventRounds "2"]
[SourceDate "2005.02.23"]

1. e4 e6 2. d4 d5 3. Nc3 Bb4 4. e5 c5 5. Bd2 Ne7 6. Nb5 Bxd2+ 7. Qxd2 O-O 8.
dxc5 Nd7 9. Qc3 Nc6 10. Nf3 b6 11. cxb6 Qxb6 12. a4 Rb8 13. a5 Qb7 14. Rb1 a6
15. Nd6 Qc7 16. Bd3 Qxa5 17. Qxa5 Nxa5 18. Kd2 Rb6 19. Ra1 Nc6 20. Nxc8 Rxc8
21. Bxa6 Rcb8 22. b3 Ncxe5 23. Nxe5 Nxe5 24. Rhe1 Nc6 25. Bd3 g6 26. Ra3 Kg7
27. h4 e5 28. Rea1 e4 29. Be2 f5 30. Ra8 Rxa8 31. Rxa8 h6 32. Ra6 Rxa6 33. Bxa6
Kf6 34. Bb7 Ne7 35. c4 dxc4 36. b4 Ke5 37. Kc3 f4 38. Kxc4 Nf5 39. Bc6 Nxh4 40.
b5 f3 41. gxf3 Nxf3 42. b6 Kd6 43. Be8 g5 44. Kb5 Nd4+ 45. Ka6 Ne6 46. Ka7 Nc5
47. Kb8 Ke5 48. Kc7 g4 49. Kc6 Nb3 50. Kb5 Kd6 1/2-1/2

[Event "16PCR_ZK02"]
[Site "?"]
[Date "2005.??.??"]
[Round "?"]
[White "Novak, Vaclav"]
[Black "Stika, Vaclav"]
[Result "1/2-1/2"]
[WhiteElo "1976"]
[BlackElo "1991"]
[PlyCount "127"]
[EventDate "2005.??.??"]
[EventType "corr"]
[EventRounds "2"]
[SourceDate "2005.02.23"]

1. c4 Nf6 2. Nc3 e5 3. Nf3 Nc6 4. d3 Be7 5. g3 d5 6. cxd5 Nxd5 7. Bg2 Be6 8.
O-O O-O 9. Bd2 Qd7 10. Ng5 Nxc3 11. bxc3 Bxg5 12. Bxg5 Bh3 13. Bxh3 Qxh3 14.
Rb1 Rab8 15. e4 Qe6 16. Qa4 a6 17. Be3 Rfd8 18. Rfd1 Qg6 19. Kg2 Rd6 20. f3 Qf6
21. Bc5 Rdd8 22. h3 b6 23. Bf2 Ra8 24. Be3 b5 25. Qc2 Rab8 26. a4 Qg6 27. d4
Na5 28. dxe5 Re8 29. Qd3 c6 30. f4 Nc4 31. Bc5 h5 32. Qe2 h4 33. g4 Qh6 34. g5
Qg6 35. Rd4 Rbd8 36. Rg1 Qe6 37. Qf2 Qg6 38. Kh2 Rxd4 39. Qxd4 Qe6 40. axb5
cxb5 41. g6 fxg6 42. Qd5 Kf7 43. Rg4 Qxd5 44. exd5 a5 45. Rxh4 a4 46. Rg4 a3
47. e6+ Kf6 48. Rg2 Rc8 49. Bd4+ Ke7 50. Rxg6 Kd6 51. Bxg7 Kxd5 52. e7 Re8 53.
Bf8 Nd6 54. Rg2 Kc4 55. Rd2 Nf7 56. f5 Kxc3 57. Rd7 b4 58. Bg7+ Kc4 59. Ra7 Nd6
60. f6 Nf7 61. Kg3 Kc5 62. Kf4 Kb6 63. Ra4 Kb5 64. Ra7 1/2-1/2

[Event "16PCR_ZK02"]
[Site "?"]
[Date "2005.??.??"]
[Round "?"]
[White "Stika, Vaclav"]
[Black "Novak, Vaclav"]
[Result "1-0"]
[WhiteElo "1991"]
[BlackElo "1976"]
[PlyCount "133"]
[EventDate "2005.??.??"]
[EventType "corr"]
[EventRounds "2"]
[SourceDate "2005.02.23"]

1. e4 g6 2. d4 Bg7 3. Nf3 d6 4. c3 Nf6 5. Bd3 O-O 6. O-O c5 7. Qb3 Qc7 8. Bf4
Be6 9. d5 Bg4 10. Nbd2 Nbd7 11. h3 Bxf3 12. Nxf3 Rfb8 13. a4 b6 14. Rfe1 Rc8
15. Ba6 Re8 16. Bh2 e5 17. dxe6 Rxe6 18. Bc4 Re7 19. Rad1 Ne5 20. Nxe5 dxe5 21.
Qc2 Rd8 22. Rxd8+ Qxd8 23. Rd1 Qc7 24. Bb5 Qb7 25. Rd8+ Bf8 26. f4 Qxe4 27.
Qxe4 Nxe4 28. fxe5 Ng5 29. Ra8 Ne6 30. Kf2 h5 31. Bc4 Rd7 32. Kf3 Kg7 33. Bg3
Be7 34. Bf2 Bg5 35. Re8 Bc1 36. b4 Ng5+ 37. Ke2 cxb4 38. cxb4 Rd2+ 39. Kf1 Rd1+
40. Be1 Bb2 41. Bb3 Rb1 42. Ke2 Ba3 43. Bd5 Bxb4 44. Bh4 Rb2+ 45. Ke3 Nh7 46.
Be7 Bd2+ 47. Kd3 Bf4 48. Ba3 Rd2+ 49. Kc4 Be3 50. Rd8 Rd4+ 51. Kb5 Kh6 52. Rd7
a5 53. Kc6 Rxa4 54. Bd6 Rf4 55. Bxf7 Bc5 56. Ra7 Bxd6 57. exd6 Rf6 58. Bd5 Nf8
59. Ra6 h4 60. Rxb6 Rf2 61. Ra6 Rc2+ 62. Kb7 Rb2+ 63. Kc7 Rc2+ 64. Kd8 Rc5 65.
Ke7 Kg7 66. Be6 Rc2 67. Ra8 1-0

[Event "16PCR_ZK02"]
[Site "?"]
[Date "2005.??.??"]
[Round "?"]
[White "Nudcenko, Karel"]
[Black "Novak, Vaclav"]
[Result "1-0"]
[WhiteElo "2200"]
[BlackElo "1976"]
[PlyCount "111"]
[EventDate "2005.??.??"]
[EventType "corr"]
[EventRounds "2"]
[SourceDate "2005.02.23"]

1. e4 c5 2. Nf3 Nc6 3. d4 cxd4 4. Nxd4 Nf6 5. Nc3 d6 6. Bg5 e6 7. Qd2 a6 8.
O-O-O Bd7 9. f3 Be7 10. h4 h6 11. Be3 h5 12. Kb1 Ne5 13. Bg5 b5 14. Nce2 Nc4
15. Qe1 Qb6 16. Ng3 Rc8 17. f4 Ng4 18. Bxe7 Kxe7 19. Be2 Nge3 20. Rd3 Nxg2 21.
Qf2 Nge3 22. f5 e5 23. Rxe3 Qxd4 24. Bxc4 bxc4 25. c3 Qc5 26. Qd2 a5 27. Ree1
f6 28. Nf1 d5 29. Ne3 dxe4 30. Rh3 Bc6 31. Qg2 Kf8 32. Rg3 Rh7 33. Rg1 Rc7 34.
Rd1 Re7 35. Qe2 Rd7 36. Rxd7 Bxd7 37. Qd2 Ke8 38. Qc2 Qc6 39. Qg2 Kf7 40. Qd2
a4 41. a3 Bc8 42. Ka1 Rh8 43. Rg1 Rf8 44. Qg2 Rg8 45. Qg6+ Kf8 46. Qh7 Qe8 47.
Rd1 Ba6 48. Nd5 Qf7 49. Nf4 Ke8 50. Ne6 Ke7 51. Ng5 Qe8 52. Nxe4 Bb5 53. Rd6
Qf7 54. Re6+ Kf8 55. Nc5 Be8 56. Ka2 1-0

[Event "16PCR_ZK02"]
[Site "?"]
[Date "2005.??.??"]
[Round "?"]
[White "Kratochvil, Jan"]
[Black "Nudcenko, Karel"]
[Result "0-1"]
[WhiteElo "1818"]
[BlackElo "2200"]
[PlyCount "184"]
[EventDate "2005.??.??"]
[EventType "corr"]
[EventRounds "2"]
[SourceDate "2005.02.23"]

1. c4 Nf6 2. d4 e6 3. Nf3 d5 4. Nc3 c6 5. Bg5 h6 6. Bxf6 Qxf6 7. e4 dxe4 8.
Nxe4 Bb4+ 9. Ned2 c5 10. Be2 cxd4 11. O-O O-O 12. Ne4 Qf4 13. Qxd4 Nc6 14. Qd3
Rd8 15. Qc2 e5 16. g3 Qf5 17. a3 Be7 18. Rad1 Be6 19. Rfe1 Rac8 20. Rxd8+ Rxd8
21. Rd1 Rxd1+ 22. Bxd1 Qg6 23. Nfd2 Bf5 24. Qd3 Kh7 25. Qd5 Be6 26. Qb5 Bc8 27.
Nc3 a6 28. Qa4 f5 29. Nd5 Bd6 30. Qb3 Bc5 31. Qc3 Bd4 32. Qc2 Be6 33. Nf3 Qf7
34. b4 e4 35. b5 axb5 36. cxb5 exf3 37. bxc6 Bxd5 38. c7 Qe6 39. Qd2 Bc6 40.
c8=R Bxf2+ 41. Qxf2 Qxc8 42. Bxf3 Bxf3 43. Qxf3 Qc1+ 44. Kg2 Qc2+ 45. Kg1 Qc5+
46. Kg2 b5 47. Qd3 Kg6 48. Kh3 Qc6 49. Qd1 Kf7 50. Qh5+ Kf6 51. Qh4+ Ke6 52.
Qh5 Qd7 53. Kg2 Qd2+ 54. Kh3 Kf6 55. Qe8 Qd3 56. Qf8+ Kg6 57. Kg2 Qe2+ 58. Kg1
Qe5 59. Kf2 Kh5 60. Qf7+ Kg5 61. Qd7 Qc5+ 62. Kg2 Kf6 63. Qd8+ Ke5 64. Qe8+ Kd4
65. Qg6 Qe5 66. Kh3 Kc3 67. Qf7 Kb2 68. Qf8 g5 69. Kg2 Qe4+ 70. Kf2 Qd4+ 71.
Kg2 g4 72. Qxf5 Qd2+ 73. Kf1 Qd1+ 74. Kg2 Qc2+ 75. Qxc2+ Kxc2 76. Kf2 Kb3 77.
Ke3 Kxa3 78. Kf4 b4 79. Kxg4 b3 80. Kh5 b2 81. Kxh6 b1=Q 82. g4 Qh1 83. g5
Qxh2+ 84. Kg6 Qh8 85. Kf7 Qh7+ 86. Kf6 Kb4 87. g6 Qg8 88. g7 Kc5 89. Kg6 Kd5
90. Kf5 Qf7+ 91. Kg4 Ke4 92. g8=Q Qxg8+ 0-1